| 000 | 00598 a2200169 4500 | ||
|---|---|---|---|
| 003 | Nust | ||
| 005 | 20170207154120.0 | ||
| 040 | _cNust | ||
| 082 | _a623.8224 | ||
| 245 |
_aLimiters and clippers _cedited by Alexendar Schure |
||
| 250 | _a1st ed. | ||
| 260 |
_aLondon _bJohn F. Rider _c1955 |
||
| 300 | _a55 p. | ||
| 505 | _aSeries Diode Limiters (Page-1), Parallel Diode Limiting (Page-10), Limiting To Specified Magnitudes (Page-17), Triode Limiters (Page-26), Saturation And Cutoff Limiters (Page-37), Other Limiter Applications (Page-48). | ||
| 538 | _aAlmirah No.42 Shelf No. 2 | ||
| 650 | _aDiode | ||
| 942 |
_2ddc _cBK |
||
| 999 |
_c194285 _d194285 |
||